000 01496nam a2200241Ia 4500
003 GCL
008 140319s9999 xx 000 0 ara d
020 _a4395302977
040 _aGCL /
_cGCL
082 0 4 _aط
_b813.087
_bهـ م
100 1 _aهيرجيه
245 1 0 _aمغامرات مثيرة-تان تان والبيكاروس-تان تان وعصابات شيكاغو-تان تان فى التبت-تان تان والاختراع المدمر-تان تان والمخالب الذهبية-تان تان فى معبد الشمس-تان تان فى الرحلة الى سيدنى-تان تان ومجوهرات بيانكا كاستافيور-تان تان والنجم الغامض-تان تان والكرات السبع البلورية-تان تان وصولجان الملك اوتوكار-تان تان وسر الخرتيت-تان تان وكنز القرصان الاحمر-تان تان والبحيرة الغامضة-تان تان والاذن المكسورة-تان تان فى الجزيرة السوداء-تان تان زهرة اللوتس الزرقاء /
_cهيرجيه
250 _aالخامسة
260 _aالقاهرة :
_bدار المعارف للطبعة العربية ،
_c1993
300 _a62 ص ؛
_c30سم
490 _aمغامرات مثيرة
_v0
650 0 4 _aقصص البطولات
650 0 4 _aالاطفال
650 0 4 _aالقصص البوليسية
650 0 4 _aالقصص
650 0 4 _aقصص الاطفال
942 _2ddc
_cBK
999 _c50878
_d50878